Mentor : (Record no. 1405)

000 -LEADER
fixed length control field 01626nam a22004457a 4500
001 - CONTROL NUMBER
control field 16101246
003 - CONTROL NUMBER IDENTIFIER
control field OSt
005 - DATE AND TIME OF LATEST TRANSACTION
control field 20210426080233.0
008 - FIXED-LENGTH DATA ELEMENTS--GENERAL INFORMATION
fixed length control field 100223s2010 oru 000 0aeng
010 ## - LIBRARY OF CONGRESS CONTROL NUMBER
LC control number 2010007124
020 ## - INTERNATIONAL STANDARD BOOK NUMBER
International Standard Book Number 9780982504888 (alk. paper)
020 ## - INTERNATIONAL STANDARD BOOK NUMBER
International Standard Book Number 0982504888 (alk. paper)
020 ## - INTERNATIONAL STANDARD BOOK NUMBER
International Standard Book Number 9780982504895 (pbk. : alk. paper)
020 ## - INTERNATIONAL STANDARD BOOK NUMBER
International Standard Book Number 0982504896 (pbk. : alk. paper)
035 ## - SYSTEM CONTROL NUMBER
System control number (OCoLC)ocn500801395
040 ## - CATALOGING SOURCE
Original cataloging agency DLC
Transcribing agency DLC
Modifying agency YDX
-- BTCTA
-- YDXCP
-- IK2
-- JAO
-- TXI
-- CDX
-- VP@
-- DLC
Language of cataloging eng
041 ## - LANGUAGE CODE
Language code of text/sound track or separate title eng
043 ## - GEOGRAPHIC AREA CODE
Geographic area code n-us---
050 00 - LIBRARY OF CONGRESS CALL NUMBER
Classification number PS3557.R489985
Item number Z46 2010
080 ## - UNIVERSAL DECIMAL CLASSIFICATION NUMBER
Universal Decimal Classification number 92
Item number G-84
082 00 - DEWEY DECIMAL CLASSIFICATION NUMBER
Classification number 813/.54
-- B
Edition number 22
100 1# - MAIN ENTRY--PERSONAL NAME
Personal name Grimes, Tom,
Dates associated with a name 1954-
245 10 - TITLE STATEMENT
Title Mentor :
Remainder of title a memoir /
Statement of responsibility, etc. / by: Tin House Books
250 ## - EDITION STATEMENT
Edition statement 1st U.S. edition
260 ## - PUBLICATION, DISTRIBUTION, ETC.
Place of publication, distribution, etc. Portland, Ore.
Name of publisher, distributor, etc. Tin House Books
Date of publication, distribution, etc. 2010.
300 ## - PHYSICAL DESCRIPTION
Extent 242 p.
Dimensions 22 cm.
365 ## - TRADE PRICE
Price amount 24.95 usd
520 ## - SUMMARY, ETC.
Summary, etc. A chance encounter between two writers, one young, one older, develops into a wonderful friendship neither expected.
600 10 - SUBJECT ADDED ENTRY--PERSONAL NAME
Personal name Grimes, Tom,
Dates associated with a name 1954-
600 10 - SUBJECT ADDED ENTRY--PERSONAL NAME
Personal name Conroy, Frank,
Dates associated with a name 1936-2005.
650 #0 - SUBJECT ADDED ENTRY--TOPICAL TERM
Topical term or geographic name entry element Authors, American
Chronological subdivision 20th century
Form subdivision Biography.
650 #0 - SUBJECT ADDED ENTRY--TOPICAL TERM
Topical term or geographic name entry element Biography
9 (RLIN) 237
650 #0 - SUBJECT ADDED ENTRY--TOPICAL TERM
Topical term or geographic name entry element Authorship.
650 #0 - SUBJECT ADDED ENTRY--TOPICAL TERM
Topical term or geographic name entry element Mentoring of authors
Geographic subdivision United States.
650 #0 - SUBJECT ADDED ENTRY--TOPICAL TERM
Topical term or geographic name entry element Creative writing (Higher education)
Geographic subdivision United States.
653 ## - INDEX TERM--UNCONTROLLED
Uncontrolled term ბიოგრაფია
906 ## - LOCAL DATA ELEMENT F, LDF (RLIN)
a 7
b cbc
c orignew
d 1
e ecip
f 20
g y-gencatlg
942 ## - ADDED ENTRY ELEMENTS (KOHA)
Source of classification or shelving scheme
Koha item type Books
Edition 1
Holdings
Withdrawn status Lost status Source of classification or shelving scheme Damaged status Not for loan Permanent location Current location Date acquired Inventory number Total Checkouts Full call number Barcode Date last seen Price effective from Koha item type
          Ken Walker International University Ken Walker International University 02/15/2021 1260   92 G-84 1260 02/15/2021 02/15/2021 Books

Powered by Koha